Statistics for Kpop Artists Under YG Entertainment

Click here to take the quiz!

General Stats

  • This quiz has been taken 572 times
  • The average score is 7 of 13

Answer Stats

HintArtist% Correct
Girl GroupBLACKPINK
97%
Boy GroupBig Bang
91%
Boy GroupiKON
84%
Girl Group2ne1
82%
Boy GroupWINNER
78%
Male/Female DuoAKMU
68%
Female SoloLee Hi
39%
Boy GroupEpik High
36%
Male SoloPsy
34%
Boy GroupSECHSKIES
22%
Boy GroupJinusean
13%
Male SoloZion. T
10%
Male SoloTablo
9%

Score Distribution

Percentile by Number Answered

Percent of People with Each Score

Your Score History

You have not taken this quiz